[Event "Bundesliga 9899"]
[Site "Deutschland"]
[Date "1999.02.20"]
[Round "10.6"]
[White "Troyke, Christian"]
[Black "Mandel, Andreas"]
[Result "1/2-1/2"]
[WhiteElo "2400"]
[BlackElo "2360"]
[PlyCount "88"]
[EventDate "1998.10.17"]
[EventType "team"]
[EventRounds "15"]
[EventCountry "GER"]
[SourceTitle "Bundesliga 9899"]
[Source "DeepChess"]
[SourceDate "2005.01.01"]
[SourceVersion "1"]
[SourceVersionDate "2005.01.01"]
[SourceQuality "1"]
[WhiteTeam "Erfurter SK"]
[BlackTeam "SK Viernheim"]
[WhiteTeamCountry "GER"]
[BlackTeamCountry "GER"]

1. g3 g6 2. Bg2 Bg7 3. c4 Nf6 4. Nc3 O-O 5. e4 d6 6. Nge2 c5 7. O-O Nc6 8. d3
a6 9. h3 Rb8 10. f4 Bd7 11. Be3 b5 12. Qd2 Ne8 13. Rad1 Nd4 14. b3 f5 15. Kh2
Nc7 16. Ng1 Kh8 17. Rde1 a5 18. Nd5 e6 19. Nxc7 Qxc7 20. exf5 gxf5 21. Nf3
Nxf3+ 22. Bxf3 a4 23. Rb1 axb3 24. axb3 Bc6 25. Be2 bxc4 26. bxc4 Ba8 27. d4
cxd4 28. Rxb8 Qxb8 29. Bxd4 e5 30. Bc3 Qc7 31. Qc2 Be4 32. Qd2 Rb8 33. Rd1 exf4
34. gxf4 Rg8 35. Rg1 h6 36. Rxg7 Rxg7 37. Qd4 Kh7 38. Qxg7+ Qxg7 39. Bxg7 Kxg7
40. Kg3 Kf6 41. Kf2 Ke6 42. Ke3 Bg2 43. h4 Be4 44. Kd4 Bg2 1/2-1/2

[Event "Bundesliga 9899"]
[Site "Deutschland"]
[Date "1999.02.20"]
[Round "10.7"]
[White "Grund, Holger"]
[Black "Voekler, Bernd"]
[Result "1-0"]
[WhiteElo "2390"]
[BlackElo "2360"]
[PlyCount "127"]
[EventDate "1998.10.17"]
[EventType "team"]
[EventRounds "15"]
[EventCountry "GER"]
[SourceTitle "Bundesliga 9899"]
[Source "DeepChess"]
[SourceDate "2005.01.01"]
[SourceVersion "1"]
[SourceVersionDate "2005.01.01"]
[SourceQuality "1"]
[WhiteTeam "SK Viernheim"]
[BlackTeam "Erfurter SK"]
[WhiteTeamCountry "GER"]
[BlackTeamCountry "GER"]

1. e4 c5 2. Nf3 d6 3. d4 cxd4 4. Qxd4 a6 5. Bg5 Nc6 6. Qd2 Nf6 7. Nc3 e6 8.
O-O-O Bd7 9. Kb1 Qa5 10. Bf4 O-O-O 11. Qe1 Ne5 12. Nd4 Kb8 13. f3 Be7 14. Be2
Rc8 15. Qf2 Nc4 16. Bxc4 Rxc4 17. Nb3 Qc7 18. Rd3 Rc8 19. Rhd1 Ne8 20. Be3 Bd8
21. e5 d5 22. f4 b5 23. a3 Ka8 24. R1d2 a5 25. Nd4 Qb7 26. Na2 Nc7 27. b4 Qa6
28. Nb3 a4 29. Nc5 Qc6 30. Nc3 Be7 31. Ne2 Bxc5 32. Bxc5 Na6 33. Nd4 Qb7 34.
Bd6 Nb8 35. Kb2 g6 36. Rh3 h5 37. Rhd3 Be8 38. h3 Nd7 39. g4 hxg4 40. hxg4 Nb6
41. Ka2 Rd8 42. Rd1 Rcc8 43. Rh1 Nc4 44. Bc5 g5 45. Rh7 gxf4 46. Nxe6 Rd7 47.
Nd4 Nxe5 48. Rdh3 Ng6 49. Qe2 Rdc7 50. Rg7 Qa6 51. Rhh7 Qf6 52. Nf5 d4 53. Rg8
Bd7 54. Rxc8+ Rxc8 55. Nd6 f3 56. Qf2 Rxc5 57. bxc5 Ne5 58. g5 Qf4 59. Qe1 Be6+
60. Kb1 Nc6 61. Rh8+ Ka7 62. Nxb5+ Ka6 63. Nd6 Ka7 64. Qf1 1-0

[Event "Bundesliga 9899"]
[Site "Deutschland"]
[Date "1999.02.20"]
[Round "10.8"]
[White "Langheinrich, Ferenc"]
[Black "Schmidt, Stefan"]
[Result "0-1"]
[WhiteElo "2279"]
[BlackElo "2230"]
[PlyCount "164"]
[EventDate "1998.10.17"]
[EventType "team"]
[EventRounds "15"]
[EventCountry "GER"]
[SourceTitle "Bundesliga 9899"]
[Source "DeepChess"]
[SourceDate "2005.01.01"]
[SourceVersion "1"]
[SourceVersionDate "2005.01.01"]
[SourceQuality "1"]
[WhiteTeam "Erfurter SK"]
[BlackTeam "SK Viernheim"]
[WhiteTeamCountry "GER"]
[BlackTeamCountry "GER"]

1. e4 e6 2. d4 d5 3. Nc3 Nf6 4. e5 Nfd7 5. f4 c5 6. Nf3 Nc6 7. Be3 a6 8. Qd2 b5
9. a3 Bb7 10. Bd3 b4 11. axb4 c4 12. Be2 Bxb4 13. O-O O-O 14. Qe1 Nb6 15. Qg3
f5 16. Qh3 Qd7 17. Kh1 Ne7 18. Na2 Nc6 19. Rg1 Nc8 20. Nxb4 Nxb4 21. Bd2 Nc6
22. Bc3 N8e7 23. Nh4 Bc8 24. g4 fxg4 25. Rxg4 Nf5 26. Nxf5 exf5 27. Rh4 g6 28.
Bf3 Rd8 29. Rg1 Qg7 30. Qf1 Be6 31. Rg3 Rab8 32. Qe1 Rb5 33. Rgh3 Rd7 34. Qg1
Rf7 35. Qg5 a5 36. Rg3 a4 37. Rg1 Ra7 38. Ra1 Qe7 39. Qh6 Rbb7 40. Ra3 Ra8 41.
Rh3 Ra6 42. Be2 Na7 43. Rg3 Bf7 44. Qh3 Kh8 45. Bxc4 dxc4 46. e6 Nb5 47. exf7
Qxf7 48. Ra1 Nxc3 49. bxc3 a3 50. Re3 a2 51. Qf1 Kg7 52. Kg1 Kf8 53. Ree1 Re7
54. Rxe7 Kxe7 55. Qe1+ Kd7 56. Qe5 Qe6 57. Qb5+ Qc6 58. Qe5 Kc8 59. Qh8+ Kb7
60. Qxh7+ Qc7 61. Qh4 Qd6 62. Qe1 Qxf4 63. Qe7+ Qc7 64. Qe8 Ka7 65. Qb5 f4 66.
Qe5 Qxe5 67. dxe5 Kb6 68. Kf2 Ra3 69. Kf3 Rxc3+ 70. Kxf4 Rxc2 71. e6 Re2 72. e7
Kc5 73. Rxa2 Rxe7 74. Ra6 c3 75. Ra8 Re6 76. Rc8+ Kd4 77. Kg5 Kd3 78. h4 c2 79.
Rd8+ Ke2 80. Rc8 Kd1 81. Rd8+ Kc1 82. Rc8 Rb6 0-1

[Event "Bundesliga 9899"]
[Site "Deutschland"]
[Date "1999.02.20"]
[Round "10.1"]
[White "Ftacnik, Lubomir"]
[Black "Rozentalis, Eduardas"]
[Result "1/2-1/2"]
[WhiteElo "2585"]
[BlackElo "2577"]
[PlyCount "74"]
[EventDate "1998.10.17"]
[EventType "team"]
[EventRounds "15"]
[EventCountry "GER"]
[SourceTitle "Bundesliga 9899"]
[Source "DeepChess"]
[SourceDate "2005.01.01"]
[SourceVersion "1"]
[SourceVersionDate "2005.01.01"]
[SourceQuality "1"]
[WhiteTeam "Hamburger SK 1830 e.V."]
[BlackTeam "SV Castrop Rauxel 1923"]
[WhiteTeamCountry "GER"]
[BlackTeamCountry "GER"]

1. Nf3 Nf6 2. c4 e6 3. Nc3 Bb4 4. g3 b6 5. Bg2 Bb7 6. O-O O-O 7. Qc2 d5 8. d3
Bxc3 9. Qxc3 c5 10. a3 d4 11. Qc2 a5 12. e3 dxe3 13. fxe3 a4 14. Bd2 Nbd7 15.
Bc3 Qc7 16. Rad1 h6 17. Qe2 Rad8 18. Rfe1 Rfe8 19. e4 Nh7 20. Qc2 Ra8 21. e5
Nhf8 22. Qf2 Rad8 23. g4 Ng6 24. Qg3 Ndf8 25. h4 Rd7 26. Kh2 Red8 27. Re3 Nh7
28. Bh3 Rd4 29. Bxd4 cxd4 30. Re2 Bxf3 31. Qxf3 Nxh4 32. Qg3 Ng5 33. Rf1 Ng6
34. Bg2 Nf8 35. Rf4 Ng6 36. Rf1 Nf8 37. Rf4 Ng6 1/2-1/2

[Event "Bundesliga 9899"]
[Site "Deutschland"]
[Date "1999.02.20"]
[Round "10.2"]
[White "Van der Sterren, Paul"]
[Black "Wahls, Matthias"]
[Result "1-0"]
[WhiteElo "2559"]
[BlackElo "2609"]
[PlyCount "107"]
[EventDate "1998.10.17"]
[EventType "team"]
[EventRounds "15"]
[EventCountry "GER"]
[SourceTitle "Bundesliga 9899"]
[Source "DeepChess"]
[SourceDate "2005.01.01"]
[SourceVersion "1"]
[SourceVersionDate "2005.01.01"]
[SourceQuality "1"]
[WhiteTeam "SV Castrop Rauxel 1923"]
[BlackTeam "Hamburger SK 1830 e.V."]
[WhiteTeamCountry "GER"]
[BlackTeamCountry "GER"]

1. d4 e6 2. g3 c5 3. Nf3 b5 4. Bg2 Bb7 5. c3 Nf6 6. Bg5 Na6 7. Bxf6 Qxf6 8.
Nbd2 Qd8 9. O-O Be7 10. a3 Nc7 11. dxc5 Bxc5 12. Nb3 Bb6 13. a4 bxa4 14. Rxa4
Bc6 15. Rh4 O-O 16. Ne5 Bxg2 17. Kxg2 Nd5 18. c4 Nf6 19. c5 Bc7 20. Nc4 Rb8 21.
Qd3 Rb4 22. Ra1 Qa8+ 23. Kg1 Rfb8 24. Nb6 Rxb3 25. Qxb3 Qc6 26. Rxa7 Qxc5 27.
Rc4 Qxb6 28. Qxb6 Bxb6 29. Rb7 Bxf2+ 30. Kxf2 Ra8 31. Rbc7 Kf8 32. Rc8+ Rxc8
33. Rxc8+ Ke7 34. b4 Nd5 35. b5 f5 36. Ke1 g5 37. Kd2 g4 38. Kd3 Kd6 39. e4
fxe4+ 40. Kxe4 h5 41. Rc1 Ke7 42. Ke5 Nb6 43. Kd4 Kd6 44. Re1 Nd5 45. Re5 Nf6
46. Rg5 Kc7 47. Ke5 Nd5 48. Rxh5 Kb6 49. Kd6 Kxb5 50. Kxd7 Kc4 51. Kxe6 Ne3 52.
Ke5 Kd3 53. Kf4 Kd2 54. Rh8 1-0

[Event "Bundesliga 9899"]
[Site "Deutschland"]
[Date "1999.02.20"]
[Round "10.3"]
[White "Mueller, Karsten"]
[Black "King, Daniel J"]
[Result "1/2-1/2"]
[WhiteElo "2558"]
[BlackElo "2506"]
[PlyCount "108"]
[EventDate "1998.10.17"]
[EventType "team"]
[EventRounds "15"]
[EventCountry "GER"]
[SourceTitle "Bundesliga 9899"]
[Source "DeepChess"]
[SourceDate "2005.01.01"]
[SourceVersion "1"]
[SourceVersionDate "2005.01.01"]
[SourceQuality "1"]
[WhiteTeam "Hamburger SK 1830 e.V."]
[BlackTeam "SV Castrop Rauxel 1923"]
[WhiteTeamCountry "GER"]
[BlackTeamCountry "GER"]

1. e4 c5 2. Nf3 d6 3. d4 cxd4 4. Nxd4 Nf6 5. Nc3 a6 6. Bc4 e6 7. Bg5 Be7 8. Bb3
Nc6 9. f4 Qb6 10. Nxc6 Qe3+ 11. Qe2 Qxe2+ 12. Kxe2 bxc6 13. Rad1 a5 14. Ba4 Bb7
15. Rd2 Nd7 16. Rhd1 d5 17. exd5 exd5 18. Kf3 Bxg5 19. Re1+ Kd8 20. fxg5 Re8
21. Rxe8+ Kxe8 22. Re2+ Kd8 23. Kf4 Nc5 24. b3 Ne6+ 25. Kg4 Ke7 26. a3 Kd6 27.
b4 axb4 28. axb4 Bc8 29. Kh4 Nd4 30. Re8 Nf5+ 31. Kg4 d4 32. Ne4+ Kc7 33. Rxc8+
Kxc8 34. Bxc6 Ne3+ 35. Kf3 Ra3 36. Nd6+ Kd8 37. Nb5 Ra2 38. c3 Nxg2 39. Nxd4
Nh4+ 40. Ke4 Ng6 41. Nf3 f6 42. gxf6 gxf6 43. Kd4 Kc7 44. Be4 Ne5 45. Nxe5
fxe5+ 46. Kxe5 Rxh2 47. c4 h6 48. Kf5 Re2 49. Bd5 Kd6 50. Kg6 Rh2 51. b5 Kc5
52. Bf7 h5 53. Kg5 h4 54. Kg4 Rb2 1/2-1/2

[Event "Bundesliga 9899"]
[Site "Deutschland"]
[Date "1999.02.20"]
[Round "10.4"]
[White "Gallagher, Joseph G"]
[Black "Heinemann, Thies"]
[Result "1/2-1/2"]
[WhiteElo "2519"]
[BlackElo "2483"]
[PlyCount "41"]
[EventDate "1998.10.17"]
[EventType "team"]
[EventRounds "15"]
[EventCountry "GER"]
[SourceTitle "Bundesliga 9899"]
[Source "DeepChess"]
[SourceDate "2005.01.01"]
[SourceVersion "1"]
[SourceVersionDate "2005.01.01"]
[SourceQuality "1"]
[WhiteTeam "SV Castrop Rauxel 1923"]
[BlackTeam "Hamburger SK 1830 e.V."]
[WhiteTeamCountry "GER"]
[BlackTeamCountry "GER"]

1. e4 c5 2. Nf3 d6 3. d4 cxd4 4. Nxd4 Nf6 5. Nc3 a6 6. Bd3 Nc6 7. Nxc6 bxc6 8.
f4 g6 9. O-O Bg7 10. Kh1 O-O 11. Qe1 Nd7 12. Bd2 Nc5 13. f5 Nxd3 14. cxd3 e6
15. fxe6 Bxe6 16. Na4 c5 17. Bc3 Bxc3 18. Qxc3 Bd7 19. Qc2 Bxa4 20. Qxa4 Qe8
21. Qc4 1/2-1/2

[Event "Bundesliga 9899"]
[Site "Deutschland"]
[Date "1999.02.20"]
[Round "10.5"]
[White "Hansen, Sune Berg"]
[Black "Watson, William N"]
[Result "1-0"]
[WhiteElo "2499"]
[BlackElo "2525"]
[PlyCount "69"]
[EventDate "1998.10.17"]
[EventType "team"]
[EventRounds "15"]
[EventCountry "GER"]
[SourceTitle "Bundesliga 9899"]
[Source "DeepChess"]
[SourceDate "2005.01.01"]
[SourceVersion "1"]
[SourceVersionDate "2005.01.01"]
[SourceQuality "1"]
[WhiteTeam "Hamburger SK 1830 e.V."]
[BlackTeam "SV Castrop Rauxel 1923"]
[WhiteTeamCountry "GER"]
[BlackTeamCountry "GER"]

1. e4 c5 2. Nf3 d6 3. d4 cxd4 4. Nxd4 Nf6 5. Nc3 g6 6. Bc4 Bg7 7. O-O O-O 8.
Re1 Nc6 9. h3 Bd7 10. Bb3 Nxd4 11. Qxd4 Bc6 12. Qd1 b5 13. Nd5 a5 14. a3 Nd7
15. Bg5 Bxd5 16. Bxd5 Rb8 17. Rb1 b4 18. axb4 axb4 19. Qg4 Re8 20. Qh4 Bf6 21.
Bxf6 Nxf6 22. Bb3 Qc7 23. Rbd1 Qc5 24. Rd3 Red8 25. Qf4 Qe5 26. Qd2 Qa5 27. Kh1
Nd7 28. Qf4 Ne5 29. Rg3 Rf8 30. Qh6 Qc5 31. Rf1 Nc6 32. f4 Nd4 33. Rg4 Ne2 34.
Kh2 d5 35. Rh4 1-0

[Event "Bundesliga 9899"]
[Site "Deutschland"]
[Date "1999.02.20"]
[Round "10.7"]
[White "Reeh, Oliver"]
[Black "Dinstuhl, Volkmar"]
[Result "1/2-1/2"]
[WhiteElo "2420"]
[BlackElo "2410"]
[PlyCount "37"]
[EventDate "1998.10.17"]
[EventType "team"]
[EventRounds "15"]
[EventCountry "GER"]
[SourceTitle "Bundesliga 9899"]
[Source "DeepChess"]
[SourceDate "2005.01.01"]
[SourceVersion "1"]
[SourceVersionDate "2005.01.01"]
[SourceQuality "1"]
[WhiteTeam "Hamburger SK 1830 e.V."]
[BlackTeam "SV Castrop Rauxel 1923"]
[WhiteTeamCountry "GER"]
[BlackTeamCountry "GER"]

1. e4 c5 2. Nf3 d6 3. d4 cxd4 4. Nxd4 Nf6 5. Nc3 a6 6. Bg5 e6 7. f4 Nc6 8. e5
h6 9. Bh4 g5 10. fxg5 Nd5 11. Nxd5 exd5 12. e6 Qe7 13. Be2 Bxe6 14. Nxe6 fxe6
15. Bh5+ Kd7 16. O-O Ne5 17. Bg3 Qxg5 18. Bf4 Qd8 19. c4 1/2-1/2

[Event "Bundesliga 9899"]
[Site "Deutschland"]
[Date "1999.02.20"]
[Round "10.2"]
[White "Stohl, Igor"]
[Black "Lerner, Konstantin Z"]
[Result "1/2-1/2"]
[WhiteElo "2561"]
[BlackElo "2568"]
[PlyCount "50"]
[EventDate "1998.10.17"]
[EventType "team"]
[EventRounds "15"]
[EventCountry "GER"]
[SourceTitle "Bundesliga 9899"]
[Source "DeepChess"]
[SourceDate "2005.01.01"]
[SourceVersion "1"]
[SourceVersionDate "2005.01.01"]
[SourceQuality "1"]
[WhiteTeam "SF Neukoelln 03 e.V."]
[BlackTeam "PSV Turm Duisburg 1920 e.V."]
[WhiteTeamCountry "GER"]
[BlackTeamCountry "GER"]

1. d4 Nf6 2. c4 e6 3. g3 d5 4. Bg2 Bb4+ 5. Bd2 Be7 6. Nf3 O-O 7. O-O c6 8. Qc2
b6 9. Rd1 Ba6 10. b3 Nbd7 11. a4 c5 12. Na3 Bb7 13. Qb2 dxc4 14. Nxc4 cxd4 15.
Nxd4 Bxg2 16. Kxg2 Qc7 17. Qc3 Ne4 18. Qf3 Nxd2 19. Rxd2 Nf6 20. Rad1 Rac8 21.
Nb5 Qb8 22. Kg1 a6 23. Nbd6 Rc5 24. Ne4 Nxe4 25. Qxe4 b5 1/2-1/2

[Event "Bundesliga 9899"]
[Site "Deutschland"]
[Date "1999.02.20"]
[Round "10.3"]
[White "Thesing, Matthias"]
[Black "Bunzmann, Dimitrij"]
[Result "0-1"]
[WhiteElo "2455"]
[BlackElo "2555"]
[PlyCount "90"]
[EventDate "1998.10.17"]
[EventType "team"]
[EventRounds "15"]
[EventCountry "GER"]
[SourceTitle "Bundesliga 9899"]
[Source "DeepChess"]
[SourceDate "2005.01.01"]
[SourceVersion "1"]
[SourceVersionDate "2005.01.01"]
[SourceQuality "1"]
[WhiteTeam "PSV Turm Duisburg 1920 e.V."]
[BlackTeam "SF Neukoelln 03 e.V."]
[WhiteTeamCountry "GER"]
[BlackTeamCountry "GER"]

1. e4 e6 2. d4 d5 3. exd5 exd5 4. Nf3 Nc6 5. Bd3 Bd6 6. O-O Bg4 7. Re1+ Nge7 8.
c3 Qd7 9. Nbd2 O-O-O 10. b4 Ng6 11. b5 Nce7 12. Qa4 Kb8 13. Ne5 Bxe5 14. dxe5
Bf5 15. Bf1 Nc8 16. Nb3 Rde8 17. Nc5 Qd8 18. Bf4 Qe7 19. Nd3 Be4 20. Qd4 Nb6
21. a4 Nxf4 22. Nxf4 g5 23. Nh5 Nd7 24. Nf6 Nxf6 25. exf6 Qd6 26. c4 g4 27. Re3
Re6 28. cxd5 Bxd5 29. Rxe6 Bxe6 30. Rd1 Qxd4 31. Rxd4 Kc8 32. Bc4 Re8 33. g3 h5
34. Kg2 Bxc4 35. Rxc4 Re5 36. Rf4 Kd7 37. h3 Rg5 38. hxg4 Rxg4 39. Rf5 Rxa4 40.
Rxh5 Ke6 41. Rc5 Ra5 42. g4 Kxf6 43. Rxc7 Rxb5 44. Kg3 a5 45. Rc8 Rb6 0-1

[Event "Bundesliga 9899"]
[Site "Deutschland"]
[Date "1999.02.20"]
[Round "10.4"]
[White "Berndt, Stephan"]
[Black "Volke, Karsten"]
[Result "1/2-1/2"]
[WhiteElo "2501"]
[BlackElo "2455"]
[PlyCount "107"]
[EventDate "1998.10.17"]
[EventType "team"]
[EventRounds "15"]
[EventCountry "GER"]
[SourceTitle "Bundesliga 9899"]
[Source "DeepChess"]
[SourceDate "2005.01.01"]
[SourceVersion "1"]
[SourceVersionDate "2005.01.01"]
[SourceQuality "1"]
[WhiteTeam "SF Neukoelln 03 e.V."]
[BlackTeam "PSV Turm Duisburg 1920 e.V."]
[WhiteTeamCountry "GER"]
[BlackTeamCountry "GER"]

1. e4 c5 2. Nf3 e6 3. d4 cxd4 4. Nxd4 a6 5. Bd3 Qc7 6. O-O Nc6 7. Nxc6 Qxc6 8.
c4 Bc5 9. Nc3 Ne7 10. b3 O-O 11. Bb2 Ng6 12. Qd2 b6 13. Kh1 Bb7 14. f4 f6 15.
Rad1 Rad8 16. a3 Qc7 17. Bb1 Be7 18. Qe3 Bc6 19. Ne2 b5 20. c5 Qb7 21. b4 f5
22. Ng3 Bf6 23. Bxf6 Rxf6 24. Rd2 Nh4 25. Rff2 fxe4 26. Nxe4 Rh6 27. Nd6 Qa8
28. f5 Rf8 29. Kg1 Nxf5 30. Bxf5 exf5 31. Rxf5 Re6 32. Qf4 Rxf5 33. Qxf5 a5 34.
h3 axb4 35. axb4 Qa1+ 36. Kh2 Rf6 37. Qh5 g6 38. Qe2 Re6 39. Qf2 Qe5+ 40. Qg3
Kg7 41. Qxe5+ Rxe5 42. Nc8 Rd5 43. Rxd5 Bxd5 44. Na7 Bc4 45. Kg3 Kf6 46. Kf4
Ke6 47. Nc8 Bf1 48. Kf3 Ke5 49. Kf2 Bc4 50. Ke3 Bd5 51. g3 Be6 52. h4 Bd5 53.
Nd6 Bc6 54. Nc8 1/2-1/2

[Event "Bundesliga 9899"]
[Site "Deutschland"]
[Date "1999.02.20"]
[Round "10.5"]
[White "Kraut, Rainer"]
[Black "Brynell, Stellan"]
[Result "1/2-1/2"]
[WhiteElo "2460"]
[BlackElo "2489"]
[PlyCount "69"]
[EventDate "1998.10.17"]
[EventType "team"]
[EventRounds "15"]
[EventCountry "GER"]
[SourceTitle "Bundesliga 9899"]
[Source "DeepChess"]
[SourceDate "2005.01.01"]
[SourceVersion "1"]
[SourceVersionDate "2005.01.01"]
[SourceQuality "1"]
[WhiteTeam "PSV Turm Duisburg 1920 e.V."]
[BlackTeam "SF Neukoelln 03 e.V."]
[WhiteTeamCountry "GER"]
[BlackTeamCountry "GER"]

1. e4 e6 2. d4 d5 3. Nc3 Bb4 4. e5 c5 5. a3 Ba5 6. Bd2 Nc6 7. Nb5 Nxd4 8. Nxd4
cxd4 9. Nf3 Ne7 10. Bb5+ Nc6 11. O-O Bxd2 12. Qxd2 Qb6 13. Nxd4 O-O 14. Bxc6
bxc6 15. b4 f6 16. Rfe1 a5 17. bxa5 Qc7 18. exf6 Rxf6 19. Nf3 Rxa5 20. Ne5 Ra4
21. c4 dxc4 22. Qc2 Ra5 23. Nxc4 Rh5 24. h3 c5 25. Rab1 Bb7 26. Qb3 Bd5 27.
Qb8+ Qxb8 28. Rxb8+ Rf8 29. Rxf8+ Kxf8 30. Nb6 Bb3 31. Re3 c4 32. Rc3 Ra5 33.
Nxc4 Bxc4 34. Rxc4 Rxa3 35. Rc7 1/2-1/2

[Event "Bundesliga 9899"]
[Site "Deutschland"]
[Date "1999.02.20"]
[Round "10.6"]
[White "Polzin, Rainer"]
[Black "Zude, Arno"]
[Result "1/2-1/2"]
[WhiteElo "2443"]
[BlackElo "2395"]
[PlyCount "37"]
[EventDate "1998.10.17"]
[EventType "team"]
[EventRounds "15"]
[EventCountry "GER"]
[SourceTitle "Bundesliga 9899"]
[Source "DeepChess"]
[SourceDate "2005.01.01"]
[SourceVersion "1"]
[SourceVersionDate "2005.01.01"]
[SourceQuality "1"]
[WhiteTeam "SF Neukoelln 03 e.V."]
[BlackTeam "PSV Turm Duisburg 1920 e.V."]
[WhiteTeamCountry "GER"]
[BlackTeamCountry "GER"]

1. e4 e5 2. Nf3 Nc6 3. Bc4 Bc5 4. b4 Bxb4 5. c3 Ba5 6. d4 d6 7. Qb3 Qd7 8. dxe5
Bb6 9. Nbd2 Na5 10. Qb4 Nxc4 11. Nxc4 Bc5 12. Qb3 b5 13. Ncd2 Ne7 14. O-O O-O
15. exd6 cxd6 16. a4 bxa4 17. Qxa4 Qxa4 18. Rxa4 Bd7 19. Ra1 1/2-1/2

[Event "Bundesliga 9899"]
[Site "Deutschland"]
[Date "1999.02.20"]
[Round "10.7"]
[White "Schmitz, Joachim"]
[Black "Thiede, Lars"]
[Result "1/2-1/2"]
[WhiteElo "2320"]
[BlackElo "2402"]
[PlyCount "52"]
[EventDate "1998.10.17"]
[EventType "team"]
[EventRounds "15"]
[EventCountry "GER"]
[SourceTitle "Bundesliga 9899"]
[Source "DeepChess"]
[SourceDate "2005.01.01"]
[SourceVersion "1"]
[SourceVersionDate "2005.01.01"]
[SourceQuality "1"]
[WhiteTeam "PSV Turm Duisburg 1920 e.V."]
[BlackTeam "SF Neukoelln 03 e.V."]
[WhiteTeamCountry "GER"]
[BlackTeamCountry "GER"]

1. Nf3 Nf6 2. g3 g6 3. b3 Bg7 4. Bb2 O-O 5. Bg2 d6 6. d4 e5 7. dxe5 Nfd7 8. O-O
dxe5 9. e4 Nc6 10. Qe2 a5 11. Nc3 b6 12. Rfd1 Ba6 13. Nb5 Qe7 14. c4 Nc5 15.
Nc3 f6 16. Nd5 Qf7 17. Rab1 Rfb8 18. Qe3 Bf8 19. Bh3 Ra7 20. a3 Ne6 21. Kg2 Bc8
22. Nd2 Bc5 23. Qd3 Ncd4 24. b4 axb4 25. axb4 Bf8 26. f4 c6 1/2-1/2

[Event "Bundesliga 9899"]
[Site "Deutschland"]
[Date "1999.02.20"]
[Round "10.8"]
[White "Rudolf, Henrik"]
[Black "Kummerow, Heiko"]
[Result "1/2-1/2"]
[WhiteElo "2338"]
[BlackElo "2288"]
[PlyCount "121"]
[EventDate "1998.10.17"]
[EventType "team"]
[EventRounds "15"]
[EventCountry "GER"]
[SourceTitle "Bundesliga 9899"]
[Source "DeepChess"]
[SourceDate "2005.01.01"]
[SourceVersion "1"]
[SourceVersionDate "2005.01.01"]
[SourceQuality "1"]
[WhiteTeam "SF Neukoelln 03 e.V."]
[BlackTeam "PSV Turm Duisburg 1920 e.V."]
[WhiteTeamCountry "GER"]
[BlackTeamCountry "GER"]

1. e4 e6 2. d4 d5 3. Nc3 Bb4 4. e5 c5 5. a3 Bxc3+ 6. bxc3 Ne7 7. Qg4 Qc7 8.
Qxg7 Rg8 9. Qxh7 cxd4 10. Ne2 Nbc6 11. f4 Bd7 12. Qd3 dxc3 13. Qxc3 O-O-O 14.
Rb1 Nf5 15. Rg1 d4 16. Qd3 Be8 17. g4 Nh4 18. Rg3 f6 19. exf6 Bg6 20. f5 Ne5
21. Qb5 exf5 22. Bf4 Rge8 23. gxf5 Bxf5 24. Rg7 Rd7 25. Rxd7 Bxd7 26. Bh3 Ng2+
27. Kd1 Ne3+ 28. Bxe3 dxe3 29. Bxd7+ Nxd7 30. Rb3 Re5 31. Qb4 Nc5 32. Rc3 Qd7+
33. Kc1 b6 34. Qc4 Re6 35. Qg4 Kb7 36. Qf3+ Qc6 37. Qxc6+ Rxc6 38. Rxe3 Rxf6
39. Nd4 Rf2 40. Re7+ Ka6 41. h3 Rf4 42. Nc6 Rh4 43. Re3 Ne4 44. Nb4+ Kb5 45.
Nd3 Ka4 46. Nb2+ Kb5 47. Rb3+ Kc6 48. Nd3 Ng5 49. Ne5+ Kc5 50. Nf3 Nxf3 51.
Rxf3 b5 52. Rc3+ Kd5 53. Kb2 a5 54. Rg3 Rh8 55. Kb3 Rh4 56. Kc3 Kc5 57. Kd2 Kc6
58. Rc3+ Kd5 59. Ke2 Kd4 60. Rg3 Rh5 61. Kd2 1/2-1/2

[Event "Bundesliga 9899"]
[Site "Deutschland"]
[Date "1999.02.20"]
[Round "10.5"]
[White "Gabriel, Christian"]
[Black "Meins, Gerlef"]
[Result "1/2-1/2"]
[WhiteElo "2581"]
[BlackElo "2439"]
[PlyCount "112"]
[EventDate "1998.10.17"]
[EventType "team"]
[EventRounds "15"]
[EventCountry "GER"]
[SourceTitle "Bundesliga 9899"]
[Source "DeepChess"]
[SourceDate "2005.01.01"]
[SourceVersion "1"]
[SourceVersionDate "2005.01.01"]
[SourceQuality "1"]
[WhiteTeam "SG 1868 Aljech. Solingen"]
[BlackTeam "SAbt SV Werder Bremen"]
[WhiteTeamCountry "GER"]
[BlackTeamCountry "GER"]

1. Nf3 d5 2. c4 e6 3. d4 Nf6 4. Nc3 c5 5. cxd5 Nxd5 6. e4 cxd4 7. Bb5+ Bd7 8.
exd5 dxc3 9. dxe6 fxe6 10. Bxd7+ Qxd7 11. Qb3 cxb2 12. Bxb2 Qd5 13. O-O Qxb3
14. axb3 Nc6 15. Rfe1 h6 16. Rxe6+ Kf7 17. Re4 Bd6 18. Nh4 Rhe8 19. Nf5 Bf8 20.
Rf4 Kg8 21. Rg4 Ne5 22. Bxe5 Rxe5 23. Nxh6+ Kh7 24. Nf7 Re2 25. Ng5+ Kg8 26.
Ne4 Rb2 27. Rg3 a5 28. h4 b5 29. h5 Kh8 30. Rf3 a4 31. bxa4 bxa4 32. Rxa4 Rxa4
33. Rxf8+ Kh7 34. Re8 Rbb4 35. f3 Ra5 36. Ng3 Rb2 37. Re2 Rxe2 38. Nxe2 Rxh5
39. Ng3 Ra5 40. Ne4 Kg6 41. Kf2 Kf5 42. Kg3 Ra2 43. Nf2 Ke5 44. Nd3+ Kd4 45.
Nf4 Ke3 46. Nd5+ Kd2 47. Kf2 Kd3+ 48. Kg3 Ra5 49. Nf4+ Ke3 50. Nh3 Ke2 51. Kh4
Ra6 52. Ng5 Kf2 53. g3 Kg2 54. Kg4 Ra3 55. Kf4 Ra4+ 56. Ne4 g5+ 1/2-1/2

[Event "Bundesliga 9899"]
[Site "Deutschland"]
[Date "1999.02.20"]
[Round "10.6"]
[White "Heissler, Jakob"]
[Black "Kasimdzhanov, Rustam"]
[Result "0-1"]
[WhiteElo "2450"]
[BlackElo "2595"]
[PlyCount "80"]
[EventDate "1998.10.17"]
[EventType "team"]
[EventRounds "15"]
[EventCountry "GER"]
[SourceTitle "Bundesliga 9899"]
[Source "DeepChess"]
[SourceDate "2005.01.01"]
[SourceVersion "1"]
[SourceVersionDate "2005.01.01"]
[SourceQuality "1"]
[WhiteTeam "SAbt SV Werder Bremen"]
[BlackTeam "SG 1868 Aljech. Solingen"]
[WhiteTeamCountry "GER"]
[BlackTeamCountry "GER"]

1. e4 g6 2. d4 Bg7 3. c3 d6 4. Nf3 Nf6 5. Nbd2 O-O 6. Bd3 c5 7. O-O cxd4 8.
cxd4 Nc6 9. a3 Ne8 10. d5 Ne5 11. Be2 e6 12. dxe6 Bxe6 13. Nd4 Bd7 14. Nc4 Nxc4
15. Bxc4 Nf6 16. f3 d5 17. exd5 Re8 18. Kh1 Nh5 19. g4 Nf6 20. Qd3 Rc8 21. Bd2
h5 22. g5 Nh7 23. f4 Re4 24. Bc3 Rxd4 25. Bxd4 Bf5 26. Qc3 Nxg5 27. Bxg7 Rxc4
28. Qxc4 Be4+ 29. Qxe4 Nxe4 30. Be5 Qxd5 31. Kg1 Ng5 32. fxg5 Qxe5 33. Rf2
Qxg5+ 34. Kh1 h4 35. Raf1 h3 36. Rd1 Qe3 37. Rdf1 Qe4+ 38. Kg1 g5 39. Rc1 Kg7
40. Rc7 Qg4+ 0-1